Je franchising pro naše banky výzvou?
Odpovede na otázky z problematiky franchisingu ako formy podnikania. Fungovanie obchodného franchisingu. Financovanie franchisingových systémov. Financovanie franchisingu v zahraničí. Franchisingový trh v ČR. Očakávané zmeny na trhu financovania franchisingu.
Salvato in:
| Autore principale: | |
|---|---|
| Natura: | Capitolo di libro |
| Lingua: | ceco |
| Soggetti: | |
| Tags: |
Nessun Tag, puoi essere il primo ad aggiungerne!!
|
MARC
| LEADER | 00000naa$a2200000$$$4500 | ||
|---|---|---|---|
| 001 | 0005316 | ||
| 005 | 20231004073442.6 | ||
| 041 | 0 | |a cze | |
| 044 | |a CZ | ||
| 245 | 1 | 0 | |a Je franchising pro naše banky výzvou? |c aut. Jaroslav Tamchyna |
| 520 | |a Odpovede na otázky z problematiky franchisingu ako formy podnikania. Fungovanie obchodného franchisingu. Financovanie franchisingových systémov. Financovanie franchisingu v zahraničí. Franchisingový trh v ČR. Očakávané zmeny na trhu financovania franchisingu. | ||
| 610 | 2 | 0 | |a franchising |
| 610 | 2 | 0 | |a podnikanie obchodné |
| 610 | 2 | 0 | |a trh |
| 610 | 2 | 0 | |a Česko |
| 610 | 2 | 0 | |a financovanie |
| 610 | 2 | 0 | |a banky |
| 100 | 1 | |a Tamchyna, Jaroslav | |